00179nam a2200073Ia 4500008004100000082000800041100001800049245003800067240331s9999 xx 000 0 und d bPOT aTamilarasan,P 0aThamila samuka viduthalai Iyakkam